000 00368nam a2200145Ia 4500
008 230711s9999||||xx |||||||||||||| ||und||
041 _aENG
082 _a624
_bKE-E
100 _aKelly James M
245 0 _aEarthquake resistant design with rubber
250 _a1st
260 _c1994
_aNew Delhi
_bOxford University Press
650 _aCivil Engineering
942 _cBK
999 _c3093
_d3093